Write the wrongs (Record no. 71843)

MARC details
000 -LEADER
fixed length control field 01195cam a2200205 4500
001 - CONTROL NUMBER
control field ABS66244
008 - FIXED-LENGTH DATA ELEMENTS--GENERAL INFORMATION
fixed length control field 021223n2002 000 0 eng u
035 ## - SYSTEM CONTROL NUMBER
System control number (Sirsi) u120870
100 ## - MAIN ENTRY--PERSONAL NAME
Personal name Moyes, M
245 ## - TITLE STATEMENT
Title Write the wrongs
260 ## - PUBLICATION, DISTRIBUTION, ETC.
Date of publication, distribution, etc. 2002
490 ## - SERIES STATEMENT
Series statement Estates Gazette
Volume/sequential designation (0242) 19 October 2002, 152-153(2)
520 ## - SUMMARY, ETC.
Summary, etc. "Mainly for students" article which looks at the issue of why the courts have been reluctant to apply the remedy of rectification to contracts, when this has been freely used for legal documents. Uses a selection of cases to examine why public policy requires certainty in the enforcement of contracts, yet the courts are reluctant to allow a party of full capacity who has signed a document, with the opportunity of inspection, to say that it was not what he meant.afterwards. As the purpose of rectification is to make the written record the true agreement of the parties, discretionary rectification may be the answer to this issue.
590 ## - LOCAL NOTE (RLIN)
Local note ABS
650 ## - SUBJECT ADDED ENTRY--TOPICAL TERM
Topical term or geographic name entry element RECTIFICATION
650 ## - SUBJECT ADDED ENTRY--TOPICAL TERM
Topical term or geographic name entry element Contracts
9 (RLIN) 6232
650 ## - SUBJECT ADDED ENTRY--TOPICAL TERM
Topical term or geographic name entry element ENFORCEMENT
690 ## - LOCAL SUBJECT ADDED ENTRY--TOPICAL TERM (OCLC, RLIN)
Topical term or geographic name as entry element MANGEMENT-DISPUTE AVOIDANCE, MANAGEMENT AND RESOLUTION-DISPUTE MANAGEMENT AND RESOLUTION
942 ## - ADDED ENTRY ELEMENTS (KOHA)
Suppress in OPAC 0
Holdings
Withdrawn status Lost status Source of classification or shelving scheme Damaged status Not for loan Home library Current library Shelving location Date acquired Total Checkouts Full call number Barcode Date last seen Copy number Price effective from Koha item type
    Dewey Decimal Classification     London London Journal article 23/12/2002   ABS66244 120870-1001 06/08/2019 1 06/08/2019 Journal article